01109nam a2200265 i 4500003000900000005001700009007000300026008004100029020001800070040003000088082001200118100004000130245021500170264005700385300003600442336002700478337003300505338002800538500006100566500003900627500005400666504003000720700004200750710005100792DO-SdBNP20250401135255.0ta240411s2021 dr d 000 p spa d a9789945627305 aDO-SdBNPbspacBNPHUerda bJ962221 aJusto Duarte, Amaury,d1942-eautor13aLos fondos de pensiones. El caso dominicano :bla evolución de las relaciones jurídicas de la propiedad en el sistema capitalista contemporáneo /cAmaury Justo Duarte : prólogo Bautista López García aSanto Domingo :bUASD, bSantuario, bBúho,c2021. a161 páginasbgraficosc23 cm. 2rdacontentatextobtxt 2rdamediaasin mediaciónbn 2rdacarrieravolumenbnc aIncluye datos biografícos del autor en la página 117 aIncluye notas a pie de páginas.  a¿Estamos viviendo una nueva era del capitalismo? aBibliografía p: 159-1611 aLópez García, Bautistaeprólogo1 aUniversidad Autónoma de Santo Domingo (UASD)